Proceedings of the 12th International Congress on Archives = Actes du 12e Congrès International des Archives : Montréal, 6-11 septembre 1992) / International Council on Archives Montréal, 6-11 septembre 1992) / International Council on Archives
Descripción Física:
XXII, 534 p. ; 24 cm
Colección:
Archivum ; 39
Materias:
Arxivística -- Congressos
MARC
| LEADER | 00000nam a2200000Ia 4500 | ||
|---|---|---|---|
| 001 | 10422 | ||
| 003 | BGR | ||
| 005 | 20260324175259.0 | ||
| 008 | 160829s1994 xx 000 0 cat d | ||
| 080 | |a A-1-278 | ||
| 111 | |a International Congress on Archives |9 71059 |c (Montreal : |d 1993) | ||
| 245 | |a Proceedings of the 12th International Congress on Archives = Actes du 12e Congrès International des Archives : |b Montréal, 6-11 septembre 1992) / International Council on Archives | ||
| 260 | |a München, etc. : |b Saur, |c 1994 | ||
| 300 | |a XXII, 534 p. ; |c 24 cm | ||
| 490 | |a Archivum ; 39 | ||
| 650 | 0 | |a Arxivística |x Congressos |9 24826 | |
| 710 | 2 | |a International Council on Archives |9 53957 | |
| 901 | |a Arxiu | ||
| 942 | |n 1 |2 udc |c MON | ||
| 952 | |0 0 |1 0 |4 0 |6 A1278 |7 1 |9 43285 |a Arxiu |b Arxiu |d 2016-12-01 |l 0 |o A-1-278 |p 10422 |r 2016-12-01 00:00:00 |w 2016-12-01 |y ARXIU | ||
| 999 | |c 45830 |d 45830 | ||